Fond ochrany vkladov bilancuje vyplácanie náhrad za nedostupné vklady

Budovanie Fondu ochrany vkladov. Základný zákonný rámec pre realizáciu vyplácania náhrad. Vytvorenie organizačných a technických podmienok pre vyplácanie náhrad. Poznatky z vyplácania náhrad. Organizácia vyplácania náhrad.

Gespeichert in:
Bibliographische Detailangaben
1. Verfasser: Šujan, Rudolf
Format: Buchkapitel
Sprache:Slowakisch
Schlagworte:
Tags: Tag hinzufügen
Keine Tags, Fügen Sie das erste Tag hinzu!

MARC

LEADER 00000naa$a2200000$$$4500
001 0027501
005 20231116082340.9
041 0 |a slo 
044 |a SK 
245 1 0 |a Fond ochrany vkladov bilancuje vyplácanie náhrad za nedostupné vklady  |c Rudolf Šujan 
520 |a Budovanie Fondu ochrany vkladov. Základný zákonný rámec pre realizáciu vyplácania náhrad. Vytvorenie organizačných a technických podmienok pre vyplácanie náhrad. Poznatky z vyplácania náhrad. Organizácia vyplácania náhrad. 
610 2 0 |a ochrana vkladov 
610 2 0 |a vklady 
610 2 0 |a banky 
610 2 0 |a insolventnosť 
610 2 0 |a Fond ochrany vkladov 
100 1 |a Šujan, Rudolf